Dějiny Evropy Evropa středověku v letech 962-1154
Gespeichert in:
| 1. Verfasser: | |
|---|---|
| Format: | Buch |
| Sprache: | Tschechisch |
| Veröffentlicht: |
Praha
Vyšehrad
2006
|
| Schlagworte: | |
| Tags: |
Keine Tags, Fügen Sie das erste Tag hinzu!
|
MARC
| LEADER | 00000nam a2200000 4500 | ||
|---|---|---|---|
| 001 | 0145086 | ||
| 005 | 20240313085653.7 | ||
| 020 | |a 80-7021-831-2 | ||
| 041 | 0 | |a cze | |
| 044 | |a CZ | ||
| 245 | 1 | 0 | |a Dějiny Evropy |b Evropa středověku v letech 962-1154 |c Christopher Brooke |
| 264 | 1 | |a Praha |b Vyšehrad |c 2006 | |
| 300 | |a 479 s. | ||
| 610 | 2 | 0 | |a dejiny |
| 610 | 2 | 0 | |a história |
| 610 | 2 | 0 | |a Európa |
| 610 | 2 | 0 | |a politika |
| 610 | 2 | 0 | |a vývoj politický |
| 610 | 2 | 0 | |a vývoj spoločenský |
| 100 | 1 | |a Brooke, Christopher | |